LIBRARY & INFORMATION CENTRE, KCAET, TAVANUR

ONLINE PUBLIC ACCESS CATALOGUE (OPAC)

Wreck / (Record no. 989)

MARC details
000 -LEADER
fixed length control field 00368cam a2200145ua 4500
041 ## - LANGUAGE CODE
Language code of text/sound track or separate title eng
082 ## - DEWEY DECIMAL CLASSIFICATION NUMBER
Classification number 823.308
Item number TAG/WR
100 ## - MAIN ENTRY--AUTHOR NAME
Personal name Tagore, Rabindranath .
245 ## - TITLE STATEMENT
Title Wreck /
260 ## - PUBLICATION, DISTRIBUTION, ETC. (IMPRINT)
Place of publication Melbourne :
Name of publisher MacMillan and Company Limited ,
Year of publication 1971.
300 ## - PHYSICAL DESCRIPTION
Number of Pages 131 ; .
942 ## - ADDED ENTRY ELEMENTS (KOHA)
Koha item type Books
Holdings
Withdrawn status Lost status Damaged status Home library Current library Date acquired Full call number Accession Number Koha item type
Withdrawn     KAUAET KAUAET 16/11/2023 823.308 TAG/WR 13145 Books
Withdrawn     KAUAET Sanskrit University 07/04/2012 823.308 13146 Books
free website counter